Culture Générale - Série 2683 - Statistiques

Statistiques générales
  • Ce quiz a été pris 79 fois
  • Le résultat moyen est 3 sur 10
Statistiques - réponses
Question Réponse % Correct
Familièrement quel animal peut être appelé "canasson" ? cheval
94%
Que peut désigner l'adjectif "naine" en dehors de "Personne d'une taille excessivement petite" ? étoile
56%
Grand poisson plat des mers froides, à chair blanche et délicate - 6 lettres commençant par "f" flétan
49%
Un gâte-sauce est un "mauvais .... cuisinier
29%
Compartiment cloisonné réservé à un animal (étable, écurie). stalle
27%
Comment s'appelle l'encre de seiche ? sépia
24%
Quelle rivière arrose la capitale de la Bavière ? Isar
23%
Nom grec du taureau sacré de la mythologie égyptienne vénéré dès l'époque préhistorique Apis
20%
Dans quel département est située la commune de Douchy ? Loiret
13%
Boîte à musique actionnée par une manivelle dont on se sert pour faire l'instruction des serins ainsi que des autres oiseaux chanteurs serinette
4%
Aucun quiz correspondant
Distribution des résultats
% des personnes avec chaque résultat
Percentile par nombre de réponses
Votre historique - résultats
Vous n’avez pas pris ce quiz